[Event "World Youth Open U18 2018"]
[Site "Porto Carras GRE"]
[Date "2018.10.21"]
[Round "2.28"]
[White "Nodirbek Abdusattorov"]
[Black "Jimenez Ramallo, Francisco J"]
[Result "1-0"]
[EventDate "?"]
[WhiteElo "2558"]
[BlackElo "2073"]
[PlyCount "40"]

1. d4 e6 2. c4 d5 3. Nf3 c5 4. cxd5 exd5 5. Nc3 Nc6 6. dxc5 d4 7. Na4 Bxc5 8. Nxc5 Qa5+ 9. Qd2 Qxc5 10. a3 Bg4 11. b4 Qd5 12. Bb2 O-O-O 13. Nxd4 Nxd4 14. Rd1 Nf6 15. Bxd4 b6 16. f3 Be6 17. e4 Qb7 18. Qf4 Rd7 19. Rc1+ Rc7 20. Ba6 1-0

[Event "World Youth Open U18 2018"]
[Site "Porto Carras GRE"]
[Date "2018.10.21"]
[Round "3.16"]
[White "Galiana Fernandez, Adrian"]
[Black "Nodirbek Abdusattorov"]
[Result "0-1"]
[EventDate "?"]
[WhiteElo "2261"]
[BlackElo "2558"]
[PlyCount "58"]

1. e4 c5 2. Nf3 d6 3. d4 cxd4 4. Nxd4 Nf6 5. Nc3 a6 6. Be3 e5 7. Nf3 Be7 8. Bc4 O-O 9. O-O Nc6 10. Qe2 Be6 11. Rad1 b5 12. Bxe6 fxe6 13. Bg5 h6 14. Bxf6 Rxf6 15. a4 b4 16. Nb1 Qc7 17. Nbd2 Na5 18. Rc1 Qb7 19. Nc4 Nxc4 20. Qxc4 Rc8 21. Qe2 Qc6 22. b3 Bd8 23. Nd2 Bb6 24. Kh1 Bd4 25. Nc4 Re8 26. Qh5 Ref8 27. f3 Qc7 28. Rfe1 Kh7 29. h3 Rf4 0-1

[Event "World Youth Open U18 2018"]
[Site "Porto Carras GRE"]
[Date "2018.10.20"]
[Round "1.3"]
[White "Jasper Beukema"]
[Black "Nodirbek Abdusattorov"]
[Result "1-0"]
[EventDate "?"]
[WhiteElo "2256"]
[BlackElo "2558"]
[PlyCount "56"]

1. e4 c5 2. Nc3 d6 3. g3 Nc6 4. Bg2 g6 5. Nge2 Bg7 6. O-O h5 7. h3 e5 8. f4 exf4 9. Nxf4 Nh6 10. Ncd5 Ne5 11. c3 h4 12. Qe1 hxg3 13. Qxg3 O-O 14. d4 cxd4 15. Nh5 gxh5 16. Bg5 h4 17. Qxh4 Ng6 18. Qh5 Qe8 19. Nf6+ Bxf6 20. Rxf6 dxc3 21. bxc3 Qe5 22. Raf1 Bd7 23. Qxh6 Rac8 24. Kh1 a6 25. h4 Bb5 26. R1f5 Qxc3 27. Bd2 Qa1+ 28. Kh2 1-0

[Event "Chess Olympiad"]
[Site "Batumi GEO"]
[Date "2018.10.05"]
[Round "11.10"]
[White "Nodirbek Abdusattorov"]
[Black "Viorel Iordachescu"]
[Result "1/2-1/2"]
[EventDate "2018.09.24"]
[WhiteElo "2558"]
[BlackElo "2591"]
[PlyCount "129"]

1. d4 Nf6 2. c4 e6 3. Nc3 Bb4 4. e3 O-O 5. Bd3 d5 6. cxd5 exd5 7. Ne2 Re8 8. O-O Bd6 9. Ng3 Nbd7 10. Bd2 c6 11. Rc1 Nf8 12. f3 Ne6 13. Kh1 a6 14. Be1 Bf8 15. Bf2 c5 16. dxc5 Nxc5 17. Bb1 b6 18. e4 dxe4 19. Ncxe4 Nfxe4 20. Nxe4 Rb8 21. Nxc5 bxc5 22. b3 Qg5 23. Be4 Bb7 24. Bxb7 Rxb7 25. Qd3 Re6 26. Rc2 h5 27. Bg1 Rb4 28. Re2 Rxe2 29. Qxe2 Rb6 30. Rd1 Re6 31. Qc4 g6 32. Bf2 Qf6 33. h3 Rd6 34. Rxd6 Qxd6 35. Qe2 Be7 36. g4 hxg4 37. hxg4 Bf6 38. Kg2 Kg7 39. Bg3 Qc6 40. Bf4 Bd4 41. Bg3 Kf8 42. Bh4 Kg7 43. Bg3 Kf8 44. Bf2 Bxf2 45. Kxf2 Qd6 46. Kg2 g5 47. Qe3 f6 48. Qc3 Ke7 49. Kf2 Qh2+ 50. Ke3 Qf4+ 51. Ke2 Qh2+ 52. Kd3 Qxa2 53. Qxc5+ Ke6 54. Qc6+ Ke7 55. Qd5 Qa3 56. Kc4 Qd6 57. Qb7+ Kd8 58. b4 Ke8 59. Kb3 Qe6+ 60. Kc3 Qd6 61. Kb2 Qd3 62. Ka2 Kd8 63. Kb2 Ke8 64. Ka2 Kd8 65. Kb2 1/2-1/2

[Event "25th Abu Dhabi Masters"]
[Site "Abu Dhabi UAE"]
[Date "2018.08.12"]
[Round "6.20"]
[White "Nodirbek Abdusattorov"]
[Black "Anh Khoi Nguyen"]
[Result "1-0"]
[EventDate "?"]
[WhiteElo "2539"]
[BlackElo "2454"]
[PlyCount "78"]

1. e4 c5 2. Nf3 d6 3. Bb5+ Nd7 4. c3 Nf6 5. Qe2 a6 6. Ba4 e6 7. O-O Be7 8. d4 O-O 9. Bc2 Qc7 10. a4 b6 11. e5 Nd5 12. Bg5 dxe5 13. Bxe7 Nxe7 14. dxe5 Ng6 15. Re1 Bb7 16. Nbd2 Rfd8 17. Rad1 Ndf8 18. h4 h6 19. h5 Ne7 20. Ne4 Nd5 21. Nd6 Bc6 22. Nh4 Qe7 23. g3 Ra7 24. Rd2 Qg5 25. Ng2 f5 26. Kh2 f4 27. Ne4 fxg3+ 28. fxg3 Qxe5 29. c4 Re8 30. cxd5 exd5 31. Nf2 Qg5 32. Qd1 Rxe1 33. Nxe1 Re7 34. Ng2 Re5 35. Nh3 Qe7 36. Nhf4 d4 37. Rf2 b5 38. Nh4 Re1 39. Nfg6 1-0

[Event "51st Biel Master Open"]
[Site "Biel SUI"]
[Date "2018.08.01"]
[Round "9.4"]
[White "Nodirbek Abdusattorov"]
[Black "Dennis Wagner"]
[Result "1/2-1/2"]
[EventDate "?"]
[WhiteElo "2534"]
[BlackElo "2558"]
[PlyCount "54"]

1. e4 e5 2. Nf3 Nc6 3. Nc3 Nf6 4. Bb5 Nd4 5. Bc4 Bc5 6. d3 d6 7. Nxd4 Bxd4 8. Ne2 Bb6 9. h3 d5 10. exd5 Nxd5 11. O-O O-O 12. d4 exd4 13. Nxd4 Nb4 14. c3 Bxd4 15. cxd4 Nd5 16. Bxd5 Qxd5 17. Bf4 c6 18. Qd2 Be6 19. Qb4 Qd7 20. a3 a5 21. Qc5 a4 22. Rfe1 Rad8 23. Rad1 Rfe8 24. Qb4 Bb3 25. Rxe8+ Rxe8 26. Re1 Rxe1+ 27. Qxe1 1/2-1/2

[Event "51st Biel Master Open"]
[Site "Biel SUI"]
[Date "2018.07.31"]
[Round "8.4"]
[White "Iturrizaga Bonelli, Eduardo"]
[Black "Nodirbek Abdusattorov"]
[Result "0-1"]
[EventDate "?"]
[WhiteElo "2652"]
[BlackElo "2534"]
[PlyCount "104"]

1. c4 Nf6 2. g3 e6 3. b3 d5 4. Bb2 Be7 5. Nf3 dxc4 6. bxc4 b6 7. Bg2 Bb7 8. O-O O-O 9. e3 c5 10. Qe2 Nc6 11. Nc3 Rc8 12. Rad1 Qc7 13. Ne1 Na5 14. f4 g6 15. Nb5 Qd7 16. Nxa7 Rcd8 17. Nb5 Bxg2 18. Kxg2 Ne4 19. Bc3 Nxc3 20. Nxc3 Bf6 21. Nb5 Nc6 22. Nf3 Qd3 23. Kf2 Qd7 24. d4 cxd4 25. exd4 Na5 26. Ne5 Qe7 27. Rc1 Rc8 28. Rfd1 Rfd8 29. a3 Kg7 30. Rc3 h5 31. Rdc1 Nc6 32. Qe4 Qe8 33. a4 Ne7 34. R1c2 Nf5 35. c5 bxc5 36. dxc5 Rd5 37. c6 Qe7 38. Nf3 Nd4 39. Ne5 Bxe5 40. Nxd4 Bc7 41. Nb5 Qd8 42. Ke2 Bb6 43. Rd3 Kg8 44. h4 Kh7 45. Rxd5 exd5 46. Qe5 Qf8 47. Kf3 Qb4 48. f5 Qb3+ 49. Rc3 Qd1+ 50. Qe2 Qh1+ 51. Qg2 Qb1 52. Nd6 Rxc6 0-1

[Event "51st Biel Master Open"]
[Site "Biel SUI"]
[Date "2018.07.30"]
[Round "7.15"]
[White "Nodirbek Abdusattorov"]
[Black "Gabriel Gaehwiler"]
[Result "1-0"]
[EventDate "?"]
[WhiteElo "2534"]
[BlackElo "2419"]
[PlyCount "68"]

1. e4 c5 2. Nf3 d6 3. d4 cxd4 4. Nxd4 Nf6 5. Nc3 a6 6. Be3 e5 7. Nb3 Be7 8. f3 Be6 9. Qd2 O-O 10. O-O-O a5 11. a4 Nc6 12. g4 Nb4 13. g5 Nh5 14. Kb1 f5 15. Nc1 fxe4 16. fxe4 Rc8 17. Nd3 Nxd3 18. Bxd3 Nf4 19. h4 Qe8 20. Bb5 Qg6 21. Rdf1 Qf7 22. Rf2 Bc4 23. Bxc4 Qxc4 24. Bxf4 exf4 25. Rh3 Rf7 26. Rhf3 h6 27. Nd5 Qxe4 28. Rxf4 Rxf4 29. Rxf4 Qh1+ 30. Ka2 Re8 31. gxh6 Bxh4 32. Rg4 Re4 33. Rxg7+ Kh8 34. Qxa5 1-0

[Event "51st Biel Master Open"]
[Site "Biel SUI"]
[Date "2018.07.29"]
[Round "6.7"]
[White "Dmitry Gordievsky"]
[Black "Nodirbek Abdusattorov"]
[Result "1/2-1/2"]
[EventDate "?"]
[WhiteElo "2638"]
[BlackElo "2534"]
[PlyCount "192"]

1. g3 Nf6 2. Bg2 d5 3. Nf3 c6 4. c4 Bf5 5. Qb3 Qb6 6. d3 e6 7. O-O Nbd7 8. cxd5 exd5 9. Qc2 Be7 10. Nc3 O-O 11. e4 Bg6 12. Nh4 dxe4 13. dxe4 Ne5 14. Be3 Qa5 15. Nxg6 hxg6 16. Rad1 Rfd8 17. h3 Nc4 18. Bc1 Nd7 19. a3 Nf8 20. Ne2 b5 21. Kh2 Qb6 22. Rxd8 Rxd8 23. a4 Qc5 24. Kh1 bxa4 25. e5 Ne6 26. Nc3 a3 27. Ne4 Qb5 28. bxa3 Nd4 29. Qa2 Nxe5 30. Be3 Qa4 31. Qb2 c5 32. Qb7 Qd7 33. Rb1 Nc4 34. Bg5 f6 35. Qa6 Nb6 36. Be3 Kh7 37. a4 Rc8 38. a5 Nd5 39. Rb7 Rc7 40. Rxc7 Qxc7 41. Bxd4 cxd4 42. Ng5+ fxg5 43. Bxd5 Qd7 44. Be4 Bf6 45. Kg2 Qe7 46. Qd3 Qe8 47. a6 Kh6 48. Qf3 Kh7 49. Bd3 Qf7 50. Qh5+ Kg8 51. Bxg6 Qd5+ 52. Kg1 Kf8 53. Bd3 Ke7 54. Qe2+ Kd8 55. Qc2 Qd6 56. Qb3 Qc7 57. Bf5 Qd6 58. Qb7 Qc7 59. Qd5+ Ke7 60. Qe6+ Kd8 61. Qd5+ Ke7 62. Qe6+ Kd8 63. Kh2 d3 64. Qd5+ Ke7 65. Bxd3 Qb6 66. Kg2 Qd4 67. Qb7+ Kd6 68. Be4 Qc5 69. Qf7 Qd4 70. Qf8+ Kc7 71. Qe8 Qc5 72. Qe6 Bd4 73. Qb3 Bf6 74. Qb7+ Kd6 75. Kf3 Qc3+ 76. Kg4 Qc5 77. Kh5 Bd4 78. f3 Bf6 79. Kg6 Ke5 80. Qd7 Be7 81. Kxg7 Qd6 82. Qb5+ Kd4 83. Qd3+ Kc5 84. Qxd6+ Kxd6 85. Kf7 Bd8 86. f4 gxf4 87. gxf4 Bh4 88. Kg6 Ke7 89. Bd5 Bf6 90. Kh5 Kf8 91. h4 Ke7 92. Kg4 Ba1 93. Kf5 Bb2 94. Kg6 Ba1 95. h5 Bb2 96. h6 Ba1 1/2-1/2

[Event "51st Biel Master Open"]
[Site "Biel SUI"]
[Date "2018.07.27"]
[Round "5.13"]
[White "Nodirbek Abdusattorov"]
[Black "Arjun Kalyan"]
[Result "1/2-1/2"]
[EventDate "?"]
[WhiteElo "2534"]
[BlackElo "2370"]
[PlyCount "82"]

1. e4 e5 2. Nf3 Nc6 3. Nc3 Nf6 4. Bb5 Bb4 5. O-O O-O 6. d3 Bxc3 7. bxc3 d6 8. Bg5 Qe7 9. Nd2 h6 10. Bh4 Nd8 11. Bc4 Ne6 12. Bg3 c6 13. Bb3 Nd7 14. d4 Nf4 15. Bxf4 exf4 16. Qf3 Qg5 17. Rfe1 Nb6 18. h3 Be6 19. a4 a5 20. Rab1 d5 21. Qd3 Qg6 22. Nf3 dxe4 23. Qxe4 Qxe4 24. Rxe4 Nd5 25. Bxd5 cxd5 26. Ree1 Rfe8 27. Rb3 Rec8 28. Ra1 Bd7 29. Rba3 Bf5 30. Ne5 Rc7 31. Nd3 g5 32. Rb3 Rac8 33. Nc5 Bxc2 34. Rb6 Re7 35. Rb2 Bf5 36. Rxb7 Rxb7 37. Nxb7 Rxc3 38. Nxa5 Bc8 39. Nb7 Bd7 40. Ra2 Bc8 41. Rb2 Bd7 1/2-1/2

[Event "51st Biel Master Open"]
[Site "Biel SUI"]
[Date "2018.07.26"]
[Round "4.7"]
[White "Vladimir Baklan"]
[Black "Nodirbek Abdusattorov"]
[Result "1/2-1/2"]
[EventDate "?"]
[WhiteElo "2595"]
[BlackElo "2534"]
[PlyCount "80"]

1. e4 c5 2. Nf3 d6 3. d4 cxd4 4. Nxd4 Nf6 5. Nc3 a6 6. Be3 e5 7. Nf3 Be7 8. Bc4 O-O 9. O-O Nc6 10. Re1 Be6 11. Bb3 Na5 12. Bg5 Nxb3 13. axb3 Rc8 14. Bxf6 Bxf6 15. Re2 Be7 16. Qd3 Rc5 17. b4 Rc4 18. b5 axb5 19. Nd5 Rc5 20. b4 Rc4 21. Ra7 Qd7 22. c3 Bd8 23. h3 f5 24. exf5 Bxf5 25. Qd1 Bxh3 26. Ne3 Rc8 27. Rd2 Qf7 28. Rxd6 Bxg2 29. Nxg2 e4 30. Rd7 Qxf3 31. Qxf3 exf3 32. Raxb7 Bf6 33. Ne3 Bxc3 34. Nd5 Bf6 35. Nxf6+ Rxf6 36. Rxg7+ Kf8 37. Rxh7 Rg6+ 38. Kh2 Kg8 39. Rhe7 Rg2+ 40. Kh3 Rxf2 1/2-1/2

[Event "51st Biel Master Open"]
[Site "Biel SUI"]
[Date "2018.07.25"]
[Round "3.19"]
[White "Nodirbek Abdusattorov"]
[Black "Noaman Omar"]
[Result "1-0"]
[EventDate "?"]
[WhiteElo "2534"]
[BlackElo "2353"]
[PlyCount "100"]

1. d4 d5 2. c4 e6 3. Nf3 a6 4. cxd5 exd5 5. Nc3 Be7 6. Bf4 Nf6 7. e3 O-O 8. Bd3 Nh5 9. Be5 Nc6 10. O-O g6 11. a3 Nxe5 12. Nxe5 Ng7 13. Rc1 Bd6 14. b4 c6 15. Qb3 Qe7 16. Nf3 Bg4 17. Nd2 Rae8 18. Rfe1 Kh8 19. Nf1 Qg5 20. Qb2 h5 21. Na4 h4 22. f4 Qf6 23. Nc5 Re7 24. Qf2 Rfe8 25. Bb1 Bxc5 26. bxc5 Bf5 27. Re2 Bxb1 28. Rxb1 Nf5 29. Rbe1 g5 30. fxg5 Qxg5 31. Qf3 Re6 32. Rf2 Nxd4 33. Qxf7 Rg8 34. Qf4 Nb3 35. Qb4 Rf6 36. Rb2 h3 37. Qxb3 hxg2 38. Ng3 Rgf8 39. Rxg2 Qe5 40. Qxb7 Qc3 41. Qg7+ Kxg7 42. Ne2+ Kh7 43. Nxc3 Rb8 44. Rb1 Rxb1+ 45. Nxb1 Re6 46. Kf2 Re4 47. Ke2 Rc4 48. Kd3 Rxc5 49. Nc3 a5 50. Rc2 1-0

[Event "51st Biel Master Open"]
[Site "Biel SUI"]
[Date "2018.07.24"]
[Round "2.20"]
[White "Tawin Matthew Nunbhakdi"]
[Black "Nodirbek Abdusattorov"]
[Result "1/2-1/2"]
[EventDate "?"]
[WhiteElo "2026"]
[BlackElo "2534"]
[PlyCount "90"]

1. d4 e6 2. c4 b6 3. Nf3 Bb7 4. g3 Bb4+ 5. Bd2 Bxf3 6. exf3 Bxd2+ 7. Nxd2 Nc6 8. Nb3 Nf6 9. Bg2 O-O 10. f4 d5 11. O-O Ne7 12. Qe2 c6 13. Rfd1 Rc8 14. Rac1 Nf5 15. Bh3 Nd6 16. Nd2 Re8 17. b3 Nfe4 18. Nf3 Qe7 19. Ne5 Qb7 20. f3 Nf6 21. c5 bxc5 22. Rxc5 Nd7 23. Nxd7 Qxd7 24. Rdc1 Qb7 25. Qd2 Qb6 26. Kh1 Nb7 27. R5c2 g6 28. Qf2 Rc7 29. Bf1 Rec8 30. h4 h5 31. g4 hxg4 32. fxg4 c5 33. h5 cxd4 34. hxg6 fxg6 35. Rxc7 Rxc7 36. Rxc7 Qxc7 37. Qxd4 Nc5 38. Qf6 Kh7 39. b4 Ne4 40. Qxe6 Qxf4 41. Qe7+ Kh6 42. Qh4+ Kg7 43. Qe7+ Kg8 44. Qe8+ Kg7 45. Qe7+ Kg8 1/2-1/2

[Event "ch-UZB 2018"]
[Site "Tashkent UZB"]
[Date "2018.05.14"]
[Round "12.2"]
[White "Shamsiddin Vokhidov"]
[Black "Nodirbek Abdusattorov"]
[Result "1/2-1/2"]
[EventDate "?"]
[WhiteElo "2414"]
[BlackElo "2550"]
[PlyCount "108"]

1. e4 e5 2. Nf3 Nc6 3. Bc4 Nf6 4. d3 Be7 5. Nc3 d6 6. a4 O-O 7. a5 a6 8. O-O Bg4 9. h3 Bh5 10. Be3 Kh8 11. Nd5 Nxd5 12. Bxd5 Nxa5 13. g4 Bg6 14. Rxa5 c6 15. Qd2 cxd5 16. Rxd5 f6 17. Ra5 b6 18. Raa1 d5 19. exd5 Qxd5 20. Nh4 Be8 21. Nf5 Bd8 22. Qb4 Rg8 23. Qe4 Qxe4 24. dxe4 Bc6 25. f3 g6 26. Nd6 Bc7 27. Rfd1 b5 28. b4 Rg7 29. c4 bxc4 30. Nxc4 Rb8 31. Bc5 Bb5 32. Rac1 Rf7 33. Kg2 Kg7 34. Ne3 Rb7 35. Nd5 Bb8 36. Rd2 Rbd7 37. h4 h6 38. Rcc2 Bc7 39. h5 gxh5 40. gxh5 f5 41. Nxc7 Rxc7 42. Bd6 Rxc2 43. Bxe5+ Kg8 44. Rxc2 fxe4 45. fxe4 Bd3 46. Rc8+ Rf8 47. Rxf8+ Kxf8 48. Kf3 Bc2 49. Bd6+ Kf7 50. Bf4 Bd1+ 51. Kg3 Bxh5 52. Bxh6 Ke6 53. Kf4 Be2 54. Bg7 1/2-1/2

[Event "ch-UZB 2018"]
[Site "Tashkent UZB"]
[Date "2018.05.13"]
[Round "11.7"]
[White "Nodirbek Abdusattorov"]
[Black "Marat Dzhumaev"]
[Result "1/2-1/2"]
[EventDate "?"]
[WhiteElo "2550"]
[BlackElo "2451"]
[PlyCount "146"]

1. e4 e5 2. Nf3 Nc6 3. Nc3 Bb4 4. Bc4 Nf6 5. Nd5 O-O 6. Nxb4 Nxb4 7. d3 d5 8. exd5 Bg4 9. Bb3 Nfxd5 10. h3 Bh5 11. g4 Bg6 12. Bg5 Qd6 13. Nh4 e4 14. Nxg6 Qxg6 15. Qd2 exd3 16. O-O Rfe8 17. Rfe1 c6 18. c4 Nb6 19. Be7 Nc2 20. Bxc2 dxc2 21. b3 h5 22. f3 f6 23. Kg2 Rac8 24. Rac1 c5 25. Qf2 Nd7 26. Qxc2 Qxc2+ 27. Rxc2 hxg4 28. hxg4 Kf7 29. Rce2 Rc6 30. b4 cxb4 31. Bxb4 Rxe2+ 32. Rxe2 Ne5 33. c5 Nd3 34. Re4 Nxc5 35. Rd4 Ke6 36. Kg3 b6 37. f4 g6 38. Rd8 Rc7 39. Kf3 Rd7 40. Re8+ Kf7 41. Ra8 Ne6 42. f5 Nd4+ 43. Ke4 Nc6 44. Bc3 gxf5+ 45. gxf5 Ne7 46. Bd4 Nd5 47. a3 Ke7 48. Rh8 Kd6 49. Re8 Nc7 50. Rf8 Ke7 51. Rh8 Ne8 52. Rh7+ Kd6 53. Rxd7+ Kxd7 54. Kd5 Nd6 55. Bxf6 Nxf5 56. a4 Ne3+ 57. Ke4 Nc4 58. Kd5 Na5 59. Bc3 Nb7 60. Bd4 Kc7 61. Be5+ Kc8 62. Bd4 Kd7 63. Be5 Nd8 64. a5 b5 65. a6 Nc6 66. Bh2 b4 67. Kc4 Ke6 68. Bg1 Kd6 69. Bxa7 Nxa7 70. Kxb4 Kc6 71. Kc4 Kb6 72. Kd5 Kxa6 73. Ke4 1/2-1/2

[Event "ch-UZB 2018"]
[Site "Tashkent UZB"]
[Date "2018.05.12"]
[Round "10.1"]
[White "Abdimalik Abdisalimov"]
[Black "Nodirbek Abdusattorov"]
[Result "1/2-1/2"]
[EventDate "?"]
[WhiteElo "2317"]
[BlackElo "2550"]
[PlyCount "90"]

1. c4 Nf6 2. Nc3 c5 3. g3 g6 4. Bg2 Bg7 5. e3 h5 6. h3 Nc6 7. Nge2 d6 8. O-O O-O 9. b3 Bf5 10. d4 cxd4 11. exd4 d5 12. cxd5 Nb4 13. Nf4 Nc2 14. Rb1 Rc8 15. Bd2 Nxd4 16. Rc1 b5 17. Be3 Nc2 18. Nxb5 Nxe3 19. fxe3 Qd7 20. Nd4 Be4 21. Nc6 Bxg2 22. Kxg2 Rfe8 23. Rc4 Qb7 24. Qc2 g5 25. Qf5 gxf4 26. Nxe7+ Qxe7 27. Rxc8 fxe3 28. Rxe8+ Nxe8 29. Re1 Bc3 30. Re2 Nd6 31. Qxh5 Bd2 32. Qg4+ Kf8 33. Qd4 Qg5 34. g4 Kg8 35. a4 a5 36. Kf3 Qh6 37. Kg2 Qg5 38. Kf3 Qh4 39. Kg2 Qh6 40. Qe5 Qg6 41. Kf3 Kh7 42. Rxe3 Bxe3 43. Kxe3 Qh6+ 44. Ke2 Kg8 45. h4 Qg6 1/2-1/2

[Event "ch-UZB 2018"]
[Site "Tashkent UZB"]
[Date "2018.05.11"]
[Round "9.7"]
[White "Saidali Iuldachev"]
[Black "Nodirbek Abdusattorov"]
[Result "1-0"]
[EventDate "?"]
[WhiteElo "2469"]
[BlackElo "2550"]
[PlyCount "94"]

1. e4 c5 2. Nf3 d6 3. d4 cxd4 4. Nxd4 Nf6 5. Nc3 a6 6. Bg5 Nbd7 7. Bc4 Qc7 8. Bb3 e6 9. O-O Nc5 10. Bxf6 gxf6 11. f4 h5 12. f5 Be7 13. Kh1 Bd7 14. Rf3 Qa5 15. a3 Nxb3 16. cxb3 Rc8 17. Qd2 b5 18. b4 Qb6 19. Re1 Kd8 20. Rg3 Rc4 21. Rd1 h4 22. Rg7 e5 23. Nf3 Be8 24. h3 Rc8 25. Kh2 Bf8 26. Rg4 Bc6 27. Nd5 Bxd5 28. Qxd5 Ke7 29. Nxh4 Rh7 30. Ng6+ Kd7 31. Nxf8+ Rxf8 32. Rg3 Rc8 33. Rc3 Rxc3 34. bxc3 Ke7 35. c4 bxc4 36. Qxc4 Rh4 37. Rd3 Qb7 38. Rd5 Qb6 39. Rd3 Qb7 40. g4 Qa7 41. Kg2 Rh8 42. Qc6 Rd8 43. h4 Rd7 44. g5 fxg5 45. hxg5 Qb8 46. f6+ Kd8 47. Qxa6 1-0

[Event "ch-UZB 2018"]
[Site "Tashkent UZB"]
[Date "2018.05.10"]
[Round "8.2"]
[White "Nodirbek Abdusattorov"]
[Black "Saidakbar Saydaliev"]
[Result "1-0"]
[EventDate "?"]
[WhiteElo "2550"]
[BlackElo "2361"]
[PlyCount "84"]

1. d4 Nf6 2. c4 e6 3. Nf3 d5 4. Nc3 c5 5. cxd5 Nxd5 6. e4 Nxc3 7. bxc3 cxd4 8. cxd4 Bb4+ 9. Bd2 Bxd2+ 10. Qxd2 O-O 11. Bd3 Nc6 12. e5 Qa5 13. Rc1 Rd8 14. Qxa5 Nxa5 15. Kd2 h6 16. Ke3 Bd7 17. Rc5 b6 18. Rc7 Bc6 19. Ba6 Bd5 20. a4 Bc6 21. Ra1 Rd7 22. Rxd7 Bxd7 23. Bb5 Bc6 24. Rc1 Rc8 25. Nd2 Bb7 26. Rxc8+ Bxc8 27. Ne4 Bb7 28. Nd6 Bxg2 29. f3 g5 30. Nc8 g4 31. fxg4 f6 32. Nxa7 Bb7 33. h4 Kf7 34. Bd3 Ke7 35. exf6+ Kxf6 36. Kf4 Nb3 37. g5+ hxg5+ 38. hxg5+ Ke7 39. Ke5 Nd2 40. Be2 Bf3 41. Nc8+ Kd8 42. g6 1-0

[Event "ch-UZB 2018"]
[Site "Tashkent UZB"]
[Date "2018.05.09"]
[Round "7.6"]
[White "Javokhir Sindarov"]
[Black "Nodirbek Abdusattorov"]
[Result "1/2-1/2"]
[EventDate "?"]
[WhiteElo "2430"]
[BlackElo "2550"]
[PlyCount "60"]

1. e4 c6 2. d4 d5 3. Nd2 dxe4 4. Nxe4 Bf5 5. Ng3 Bg6 6. Nf3 Nd7 7. Bd3 e6 8. O-O Ngf6 9. Re1 Be7 10. c4 O-O 11. Bxg6 hxg6 12. Bf4 Qa5 13. Qc2 Rfe8 14. a3 b5 15. Ne5 bxc4 16. Nxc4 Qb5 17. Bd6 Nb6 18. Bxe7 Qxc4 19. Qxc4 Nxc4 20. Bxf6 gxf6 21. Ne4 Red8 22. b3 Na5 23. Nc5 Rxd4 24. Rac1 Rb8 25. b4 Nc4 26. Nb3 Rd3 27. Nc5 Rd4 28. Nb3 Rd3 29. Nc5 Rd4 30. Nb3 1/2-1/2

[Event "ch-UZB 2018"]
[Site "Tashkent UZB"]
[Date "2018.05.08"]
[Round "6.3"]
[White "Nodirbek Abdusattorov"]
[Black "Ulugbek Tillyaev"]
[Result "0-1"]
[EventDate "?"]
[WhiteElo "2550"]
[BlackElo "2292"]
[PlyCount "120"]

1. e4 c5 2. Nf3 e6 3. d4 cxd4 4. Nxd4 a6 5. Nc3 Qc7 6. g3 Nf6 7. Bg2 Be7 8. O-O Nc6 9. Re1 Nxd4 10. Qxd4 Bc5 11. Bf4 d6 12. Qd2 Ng4 13. Nd1 e5 14. Be3 Nxe3 15. Nxe3 Be6 16. c3 O-O 17. h4 Kh8 18. Kh2 g6 19. Rf1 f5 20. exf5 gxf5 21. Nd5 Qg7 22. Qg5 Qf7 23. Rad1 Rad8 24. Bf3 f4 25. Bh5 fxg3+ 26. fxg3 Qg7 27. Qxg7+ Kxg7 28. Bf3 a5 29. Kg2 Bf5 30. Ne7 Bd7 31. b4 axb4 32. cxb4 Bxb4 33. Rb1 Bc5 34. Rxb7 Rf7 35. Nc6 Rdf8 36. Rfb1 Kh6 37. a4 Rg7 38. Rxd7 Rxd7 39. a5 Rc7 40. Be4 Rf2+ 41. Kh3 Re2 42. Bd5 Rd2 43. Bh1 Rd3 44. Kg4 Rf7 45. Be4 Ra3 46. Bd5 Rg7+ 47. Kf5 Rgxg3 48. Rb7 Ra4 49. Ne7 Rf4+ 50. Ke6 Kh5 51. Bc6 Rg7 52. a6 e4 53. Be8+ Kg4 54. Nd5 Rg8 55. Bh5+ Kxh5 56. Nxf4+ Kg4 57. Nd5 Re8+ 58. Kf7 Ra8 59. Nc7 Ra7 60. Kg8 e3 0-1

[Event "ch-UZB 2018"]
[Site "Tashkent UZB"]
[Date "2018.05.07"]
[Round "5.5"]
[White "Akmal Faizulaev"]
[Black "Nodirbek Abdusattorov"]
[Result "0-1"]
[EventDate "?"]
[WhiteElo "2382"]
[BlackElo "2550"]
[PlyCount "122"]

1. c4 Nf6 2. Nc3 c5 3. g3 g6 4. Bg2 Bg7 5. Nf3 Nc6 6. d4 cxd4 7. Nxd4 O-O 8. O-O Qa5 9. e3 d6 10. Ncb5 Bd7 11. Bd2 Qb6 12. Bc3 a6 13. Na3 Rac8 14. Rc1 h5 15. h3 Qc7 16. Ne2 Qb8 17. Qb3 e5 18. Rfd1 Be6 19. Qa4 Rfd8 20. Ba5 Re8 21. Bb6 Nd7 22. Qb3 e4 23. Nf4 Bf5 24. Nc2 Nc5 25. Qa3 Ne5 26. Nd4 Bd7 27. b3 Ncd3 28. Nxd3 Nxd3 29. Rb1 d5 30. cxd5 Qe5 31. Qa5 Bf8 32. Qd2 Bd6 33. f4 exf3 34. Nxf3 Qxg3 35. Qxd3 Bf5 36. Qf1 Bxb1 37. Rxb1 Rc2 38. Rc1 Rec8 39. Rxc2 Rxc2 40. h4 Qg4 41. Bd4 Qg3 42. e4 Qf4 43. e5 Rc1 44. exd6 Rxf1+ 45. Kxf1 Qxd6 46. Ng5 Kf8 47. Bf3 Ke7 48. Kg2 Qa3 49. Ne4 Qxa2+ 50. Kg3 Qc2 51. Bc5+ Kd7 52. b4 Qb2 53. Kf4 f6 54. Bb6 Qe5+ 55. Ke3 f5 56. Bd4 Qe8 57. Kd3 fxe4+ 58. Bxe4 Qf7 59. Bc5 Qf4 60. Be3 Qxh4 61. Bxg6 Qg4 0-1

[Event "ch-UZB 2018"]
[Site "Tashkent UZB"]
[Date "2018.05.06"]
[Round "4.4"]
[White "Nodirbek Abdusattorov"]
[Black "Nikita Khoroshev"]
[Result "1/2-1/2"]
[EventDate "?"]
[WhiteElo "2550"]
[BlackElo "2340"]
[PlyCount "124"]

1. d4 d6 2. Nf3 Nf6 3. g3 g6 4. Bg2 Bg7 5. c4 O-O 6. O-O Nc6 7. Nc3 Bf5 8. Ne1 Qd7 9. e4 Bh3 10. Nf3 Bxg2 11. Kxg2 e6 12. Re1 Rfe8 13. h3 Rad8 14. b3 e5 15. d5 Nd4 16. Be3 Nxf3 17. Qxf3 a6 18. b4 Rf8 19. Bg5 Qe7 20. Qe3 Rc8 21. Rac1 Qe8 22. c5 dxc5 23. bxc5 Nd7 24. c6 bxc6 25. dxc6 Nb6 26. Qc5 f6 27. Be3 Rf7 28. Qa3 Qxc6 29. Nd5 Nc4 30. Qb3 Nxe3+ 31. fxe3 Qe6 32. Rc6 Qe8 33. Rec1 Kh8 34. Nxc7 Qd7 35. Qd5 h5 36. Qxd7 Rxd7 37. Nd5 Rxc6 38. Rxc6 f5 39. Kf3 g5 40. Ke2 g4 41. h4 a5 42. Ra6 fxe4 43. Nc3 Rb7 44. Nxe4 Rb2+ 45. Kd3 Rxa2 46. Ra8+ Kh7 47. Ng5+ Kg6 48. Ra6+ Bf6 49. Ne4 Ra3+ 50. Kc4 Rxe3 51. Nxf6 Rf3 52. Nd7+ Kf5 53. Rh6 Rxg3 54. Rxh5+ Ke4 55. Nc5+ Kf3 56. Rf5+ Kg2 57. Rg5 Kf3 58. Rf5+ Kg2 59. Rg5 Kf3 60. Rxe5 Rh3 61. Rf5+ Ke3 62. Re5+ 1/2-1/2

[Event "ch-UZB 2018"]
[Site "Tashkent UZB"]
[Date "2018.05.05"]
[Round "3.4"]
[White "Alexei Barsov"]
[Black "Nodirbek Abdusattorov"]
[Result "0-1"]
[EventDate "?"]
[WhiteElo "2411"]
[BlackElo "2550"]
[PlyCount "66"]

1. d4 Nf6 2. c4 e6 3. Nf3 Bb4+ 4. Bd2 a5 5. Nc3 b6 6. g3 Ba6 7. b3 d5 8. cxd5 exd5 9. Bg2 O-O 10. O-O Re8 11. Ne5 Ra7 12. a3 Bxc3 13. Bxc3 c5 14. Re1 Rae7 15. e3 cxd4 16. exd4 Ne4 17. Bd2 f6 18. Nf3 Nc6 19. Be3 Na7 20. Qc2 Nb5 21. Nd2 Nbd6 22. g4 Rc7 23. Qb2 f5 24. Bf4 fxg4 25. Nxe4 dxe4 26. Bxd6 Qxd6 27. Rxe4 Rxe4 28. Bxe4 h5 29. Re1 h4 30. Qd2 g3 31. fxg3 hxg3 32. Re3 gxh2+ 33. Qxh2 0-1

[Event "ch-UZB 2018"]
[Site "Tashkent UZB"]
[Date "2018.05.04"]
[Round "2.5"]
[White "Nodirbek Abdusattorov"]
[Black "Tahir Vakhidov"]
[Result "1/2-1/2"]
[EventDate "?"]
[WhiteElo "2550"]
[BlackElo "2400"]
[PlyCount "70"]

1. d4 Nf6 2. c4 c5 3. Nf3 cxd4 4. Nxd4 g6 5. Nc3 d5 6. Bg5 dxc4 7. e3 Bg7 8. Bxc4 O-O 9. O-O Bd7 10. Qe2 Nc6 11. Rfd1 Qc8 12. e4 Re8 13. Nxc6 Bxc6 14. h3 Nxe4 15. Nxe4 Qf5 16. Re1 Bxe4 17. Qxe4 Qxg5 18. Qxb7 e6 19. Rab1 Bd4 20. Qf3 Rad8 21. b4 Rc8 22. Bb3 Rc3 23. Qe4 Rd8 24. Rbd1 Bb6 25. Rxd8+ Qxd8 26. Rd1 Qf6 27. Qe2 Qf4 28. b5 Rxh3 29. gxh3 Qg3+ 30. Kh1 Qxh3+ 31. Kg1 Qg3+ 32. Kf1 Qh3+ 33. Kg1 Bc7 34. Qe3 Bb6 35. Qe2 1/2-1/2

[Event "ch-UZB 2018"]
[Site "Tashkent UZB"]
[Date "2018.05.03"]
[Round "1.3"]
[White "Elbek Jumanov"]
[Black "Nodirbek Abdusattorov"]
[Result "0-1"]
[EventDate "?"]
[WhiteElo "2283"]
[BlackElo "2550"]
[PlyCount "82"]

1. c4 Nf6 2. g3 e6 3. Nf3 d5 4. d4 dxc4 5. Bg2 a6 6. O-O Nc6 7. Nc3 Rb8 8. e4 Be7 9. d5 Nb4 10. Ne5 exd5 11. exd5 Bf5 12. a3 Nd3 13. Nxc4 O-O 14. b4 Nxc1 15. Rxc1 Re8 16. Re1 Bf8 17. Qd4 Qd7 18. Ne5 Qd6 19. Nc4 Qd7 20. Ne5 Qc8 21. Na4 Bh3 22. Bh1 Qf5 23. Nc5 Qh5 24. Bf3 Qg5 25. Ned3 Bd6 26. Rxe8+ Rxe8 27. Rd1 Bc8 28. Qc4 Qf5 29. Bg2 h5 30. a4 Qg4 31. Qxg4 hxg4 32. a5 Re2 33. Rb1 Rd2 34. b5 Bf5 35. Bf1 Bxc5 36. bxa6 Bxd3 37. axb7 Bxf2+ 38. Kh1 Be4+ 39. Bg2 Bxg2+ 40. Kxg2 Ba7+ 41. Kf1 Nd7 0-1